[Event "FRA-chT1 0910"]
[Site "France"]
[Date "2009.11.22"]
[Round "5.3"]
[White "Renet, Olivier"]
[Black "Vaklinov, Vasil"]
[Result "1-0"]
[WhiteElo "2515"]
[BlackElo "2202"]
[PlyCount "57"]
[EventDate "2009.09.27"]
[EventType "team-match"]
[EventRounds "11"]
[EventCountry "FRA"]
[SourceDate "2009.07.26"]
[WhiteTeam "Rueil"]

1. d4 d6 2. c4 g6 3. Nc3 Bg7 4. e4 e5 5. dxe5 dxe5 6. Qxd8+ Kxd8 7. f4 Nc6 8.
Nf3 Nd4 9. Bd3 Nxf3+ 10. gxf3 c6 11. Bd2 Ne7 12. O-O-O Kc7 13. Rdg1 Rg8 14. Kc2
Be6 15. Ne2 b6 16. Bc3 exf4 17. Bxg7 Rxg7 18. Nxf4 Rgg8 19. c5 b5 20. Nxe6+
fxe6 21. Bf1 Rae8 22. Bh3 Nc8 23. f4 Rgf8 24. Rf1 Re7 25. Kc3 g5 26. a3 Kb7 27.
Kd4 Kc7 28. Ke5 Rfe8 29. Bg4 1-0

[Event "FRA-chT1 0910"]
[Site "France"]
[Date "2009.11.22"]
[Round "5.2"]
[White "Riff, Vincent"]
[Black "Todorov, Ognjan"]
[Result "1/2-1/2"]
[WhiteElo "2328"]
[BlackElo "2306"]
[PlyCount "30"]
[EventDate "2009.09.27"]
[EventType "team-match"]
[EventRounds "11"]
[EventCountry "FRA"]
[SourceDate "2009.07.26"]

1. e4 c5 2. Nf3 e6 3. d4 cxd4 4. Nxd4 a6 5. Bd3 Nf6 6. Nc3 Nc6 7. Nxc6 bxc6 8.
O-O d5 9. Qe2 Be7 10. b3 Qc7 11. Bb2 Bb7 12. Rad1 O-O 13. Rfe1 Rfe8 14. h3 a5
15. Na4 h6 1/2-1/2

[Event "FRA-chT1 0910"]
[Site "France"]
[Date "2009.11.22"]
[Round "5.6"]
[White "Robert, Bastien"]
[Black "Rouchouse, Stevens"]
[Result "0-1"]
[WhiteElo "2044"]
[BlackElo "2212"]
[PlyCount "82"]
[EventDate "2009.09.27"]
[EventType "team-match"]
[EventRounds "11"]
[EventCountry "FRA"]
[SourceDate "2009.07.26"]

1. d4 Nf6 2. c4 c5 3. d5 e6 4. Nc3 exd5 5. cxd5 d6 6. e4 g6 7. Bb5+ Nbd7 8. f4
a6 9. Bxd7+ Nxd7 10. Nf3 Bg7 11. O-O O-O 12. a4 Rb8 13. a5 b5 14. axb6 Rxb6 15.
Re1 Re8 16. Kh1 Rb4 17. Qc2 Qb6 18. Na4 Qb5 19. Nc3 Qb8 20. Ra4 Nb6 21. Rxb4
cxb4 22. Na4 Bd7 23. Nxb6 Qxb6 24. Be3 Qa5 25. Bg1 Rc8 26. Qd2 Qb5 27. e5 dxe5
28. fxe5 Bf5 29. e6 fxe6 30. dxe6 Bf6 31. Nd4 Qd5 32. Qf4 a5 33. e7 Kf7 34.
Nxf5 Qxf5 35. Qd6 Re8 36. Bc5 Bxb2 37. Kg1 Bf6 38. Rf1 Qe6 39. Qd8 Qc4 40. Bd4
Qxf1+ 41. Kxf1 Rxd8 0-1

[Event "FRA-chT1 0910"]
[Site "France"]
[Date "2009.11.22"]
[Round "5.3"]
[White "Sermier, Guillaume"]
[Black "Perez, Flavio"]
[Result "1/2-1/2"]
[WhiteElo "2385"]
[BlackElo "2260"]
[PlyCount "79"]
[EventDate "2009.09.27"]
[EventType "team-match"]
[EventRounds "11"]
[EventCountry "FRA"]
[SourceDate "2009.07.26"]

1. Nf3 d5 2. g3 c6 3. Bg2 Nf6 4. d3 Bg4 5. Nbd2 Nbd7 6. h3 Bxf3 7. Bxf3 e6 8.
Bg2 Be7 9. e4 O-O 10. Qe2 dxe4 11. dxe4 e5 12. O-O Re8 13. b3 Nc5 14. Bb2 Nfd7
15. Nc4 Qc7 16. a4 Ne6 17. Rad1 Bc5 18. c3 Nb6 19. h4 Nxc4 20. Qxc4 Rab8 21. b4
b5 22. Qe2 Bf8 23. axb5 Rxb5 24. Rd2 a5 25. bxa5 Qxa5 26. Rfd1 Reb8 27. Bh3 Qb6
28. Ba1 Re8 29. c4 Rc5 30. Bxe6 Rxe6 31. Rd8 Qb4 32. Qa2 Ra5 33. Qb2 Qxb2 34.
Bxb2 g6 35. Rc8 Kg7 36. f4 Bc5+ 37. Kf1 Bd4 38. Bxd4 exd4 39. Rxd4 c5 40. Rd5
1/2-1/2

[Event "FRA-chT1 0910"]
[Site "France"]
[Date "2009.11.22"]
[Round "5.8"]
[White "Verot, Melanie"]
[Black "Copin, Oceane"]
[Result "1-0"]
[WhiteElo "2116"]
[BlackElo "1832"]
[PlyCount "73"]
[EventDate "2009.09.27"]
[EventType "team-match"]
[EventRounds "11"]
[EventCountry "FRA"]
[SourceDate "2009.07.26"]

1. d4 d5 2. c4 c6 3. Nc3 Nf6 4. e3 e6 5. Nf3 Nbd7 6. Bd3 dxc4 7. Bxc4 b5 8. Bd3
a6 9. a4 b4 10. Ne4 a5 11. Qc2 Qb6 12. O-O Be7 13. Nxf6+ Bxf6 14. e4 Ba6 15.
Be3 Bxd3 16. Qxd3 Qa6 17. Qxa6 Rxa6 18. Rac1 O-O 19. Rc4 c5 20. dxc5 Bxb2 21.
c6 Nb6 22. Bxb6 Rxb6 23. c7 Rc8 24. Rd1 Bf6 25. e5 Be7 26. Nd4 Kf8 27. Nb5 Rb7
28. h3 f6 29. f4 f5 30. Rc6 b3 31. Rb1 Ke8 32. Rxb3 Kd7 33. Rbc3 Bb4 34. Rc1
Rxb5 35. axb5 a4 36. b6 Ba5 37. b7 1-0

[Event "FRA-chT1 0910"]
[Site "France"]
[Date "2009.11.22"]
[Round "5.4"]
[White "Villegas, Pierre"]
[Black "Nelis, Jean Francois"]
[Result "1/2-1/2"]
[WhiteElo "2226"]
[BlackElo "2235"]
[PlyCount "82"]
[EventDate "2009.09.27"]
[EventType "team-match"]
[EventRounds "11"]
[EventCountry "FRA"]
[SourceDate "2009.07.26"]

1. d4 Nf6 2. c4 g6 3. Nc3 d5 4. Qb3 dxc4 5. Qxc4 Bg7 6. e4 O-O 7. Be2 Nc6 8.
Nf3 Bg4 9. d5 Na5 10. Qa4 Bxf3 11. Bxf3 c6 12. O-O cxd5 13. Rd1 Nc6 14. exd5
Ne5 15. Be2 Ne8 16. Be3 a6 17. Qb4 b5 18. a4 a5 19. Qb3 bxa4 20. Nxa4 Nd7 21.
Rac1 Nd6 22. Rc6 Qb8 23. Qa3 Qb7 24. Rdc1 Rad8 25. Bd2 Ra8 26. Bc3 Bh6 27. Rc2
Rfd8 28. Nc5 Nxc5 29. Rxc5 a4 30. Ba5 Rac8 31. Bb4 Rxc5 32. Bxc5 Rc8 33. Qxa4
Qxd5 34. Bxd6 Ra8 35. Qc4 Qxd6 36. g3 Rb8 37. Bf3 Bg7 38. b3 Bf6 39. Rc1 Kg7
40. Kg2 Qb6 41. Rb1 Bd4 1/2-1/2

[Event "FRA-chT1 0910"]
[Site "France"]
[Date "2009.11.21"]
[Round "4.6"]
[White "Bressac, Stephane"]
[Black "Millon, Valentin"]
[Result "1-0"]
[WhiteElo "2144"]
[BlackElo "2083"]
[PlyCount "71"]
[EventDate "2009.09.27"]
[EventType "team-match"]
[EventRounds "11"]
[EventCountry "FRA"]
[SourceDate "2009.07.26"]

1. e4 c5 2. Nf3 e6 3. d4 cxd4 4. Nxd4 Nc6 5. Nxc6 bxc6 6. Nc3 e5 7. Bd3 d6 8.
O-O Be7 9. f4 Nf6 10. Qe1 O-O 11. fxe5 dxe5 12. Qg3 Qc7 13. Kh1 Be6 14. Be2 Kh8
15. Bg5 Ng8 16. Be3 Rab8 17. b3 Nf6 18. Bg5 Ng8 19. Be3 Nf6 20. Bf3 Nd7 21. Bg4
Bxg4 22. Qxg4 Bc5 23. Bg5 Bd4 24. Rad1 Nc5 25. Ne2 Ne6 26. Bc1 Qa5 27. Rd3 g6
28. c3 h5 29. Rh3 Bxc3 30. Rxh5+ Kg8 31. Rh3 Be1 32. g3 Ng7 33. Bg5 Bd2 34. Qh4
Nh5 35. Bf6 Qb5 36. Qxh5 1-0

[Event "FRA-chT1 0910"]
[Site "France"]
[Date "2009.11.21"]
[Round "4.7"]
[White "Canneva, Florian"]
[Black "Robert, Bastien"]
[Result "0-1"]
[WhiteElo "2095"]
[BlackElo "2044"]
[PlyCount "62"]
[EventDate "2009.09.27"]
[EventType "team-match"]
[EventRounds "11"]
[EventCountry "FRA"]
[SourceDate "2009.07.26"]

1. e4 c5 2. Nf3 Nc6 3. d4 cxd4 4. Nxd4 e5 5. Nb5 d6 6. N1c3 a6 7. Na3 b5 8. Nd5
Nge7 9. c4 Nxd5 10. exd5 Nd4 11. cxb5 Be7 12. Be3 O-O 13. Bxd4 exd4 14. Bd3 Bf6
15. O-O Be5 16. bxa6 Bxa6 17. Bxa6 Rxa6 18. Qd3 Ra5 19. Nc4 Rxd5 20. b4 Qb8 21.
a3 Bxh2+ 22. Kxh2 Rh5+ 23. Kg1 d5 24. g3 dxc4 25. Qxc4 Qb7 26. f3 Qd7 27. Qe2
Re8 28. Qf2 d3 29. Rad1 Re2 30. Qxe2 dxe2 31. Rxd7 Rh1+ 0-1

[Event "FRA-chT1 0910"]
[Site "France"]
[Date "2009.11.21"]
[Round "4.6"]
[White "Dacalor, Aurelie"]
[Black "Nass, Emile"]
[Result "0-1"]
[WhiteElo "2003"]
[BlackElo "2224"]
[PlyCount "82"]
[EventDate "2009.09.27"]
[EventType "team-match"]
[EventRounds "11"]
[EventCountry "FRA"]
[SourceDate "2009.07.26"]

1. d4 d5 2. c4 c6 3. Nc3 dxc4 4. e4 b5 5. a4 b4 6. Na2 Nf6 7. e5 Nd5 8. Bxc4 e6
9. Ne2 Nd7 10. O-O Bb7 11. b3 Be7 12. Bb2 O-O 13. Nac1 N5b6 14. Bd3 c5 15. Nf4
cxd4 16. Bxd4 Nd5 17. Qh5 h6 18. Nce2 Nxf4 19. Nxf4 Nc5 20. Bxc5 Bxc5 21. Rad1
Qe7 22. Ng6 fxg6 23. Qxg6 Rf5 24. Bxf5 exf5 25. Qxf5 Rf8 26. Qd7 Qxd7 27. Rxd7
Ba6 28. Rfd1 Rxf2 29. Kh1 Bf1 30. h4 Bxg2+ 31. Kg1 Re2+ 32. Kh2 Bc6+ 33. Kg3
Bxd7 34. Rxd7 Rxe5 35. Kf4 Re3 36. Rd5 Rc3 37. Kf5 Bb6 38. Rd7 Rxb3 39. a5 Bxa5
40. Rxa7 Bb6 41. Rb7 Bd4 0-1

[Event "FRA-chT1 0910"]
[Site "France"]
[Date "2009.11.21"]
[Round "4.5"]
[White "Di Paolo, Raffaele"]
[Black "Van Hoolandt, Patrick"]
[Result "1/2-1/2"]
[WhiteElo "2336"]
[BlackElo "2211"]
[PlyCount "91"]
[EventDate "2009.09.27"]
[EventType "team-match"]
[EventRounds "11"]
[EventCountry "FRA"]
[SourceDate "2009.07.26"]

1. e4 e5 2. Nf3 Nc6 3. d4 exd4 4. Nxd4 Nf6 5. Nxc6 bxc6 6. e5 Qe7 7. Qe2 Nd5 8.
c4 Nb6 9. Nc3 a5 10. Bd2 Ba6 11. Qe4 g6 12. f4 Bg7 13. Bd3 O-O 14. O-O-O Rab8
15. a3 Qe6 16. c5 Bxd3 17. Qxd3 Nc4 18. Na4 d6 19. cxd6 cxd6 20. Bc3 Rb5 21.
exd6 Rd5 22. Qf3 Bxc3 23. Qxc3 Rd8 24. Rde1 Qxd6 25. Qxc4 Rd4 26. Qc2 Qxf4+ 27.
Kb1 Rxa4 28. Qxc6 Qf5+ 29. Ka1 Rf4 30. h4 h5 31. g3 Rf2 32. Re8+ Rxe8 33. Qxe8+
Kg7 34. Re1 Rf1 35. Qe2 Rxe1+ 36. Qxe1 g5 37. hxg5 Qxg5 38. b4 axb4 39. axb4
Qb5 40. Kb2 Kg6 41. Qe4+ Kf6 42. Kc3 Qb8 43. Qd3 Ke6 44. b5 f5 45. Qe3+ Kd5 46.
Kb4 1/2-1/2

[Event "FRA-chT1 0910"]
[Site "France"]
[Date "2009.11.21"]
[Round "4.1"]
[White "Fargere, Francois"]
[Black "Efimov, Igor"]
[Result "0-1"]
[WhiteElo "2501"]
[BlackElo "2435"]
[PlyCount "105"]
[EventDate "2009.09.27"]
[EventType "team-match"]
[EventRounds "11"]
[EventCountry "FRA"]
[SourceDate "2009.07.26"]
[WhiteTeam "Grasse Echecs"]
[BlackTeam "Monaco"]

1. e4 e6 2. d4 d5 3. Nd2 Ne7 4. Ngf3 g6 5. Bd3 Bg7 6. O-O O-O 7. c3 Nd7 8. Re1
c5 9. e5 Nc6 10. Nf1 cxd4 11. cxd4 Qb6 12. Bc2 f6 13. exf6 Nxf6 14. Rb1 Bd7 15.
Ba4 Ne4 16. Be3 Rad8 17. Ng3 Nd6 18. Ne5 Nf7 19. Nxd7 Rxd7 20. Qg4 Re7 21. Ne2
Qb4 22. Bxc6 bxc6 23. Nf4 e5 24. Ne6 Rfe8 25. a3 Qd6 26. Nxg7 Kxg7 27. dxe5
Nxe5 28. Qd4 c5 29. Qh4 d4 30. Bh6+ Kg8 31. Red1 Nf7 32. Bd2 Qd5 33. h3 Re2 34.
Qg4 R8e4 35. Qf3 Ne5 36. Qf6 Ng4 37. hxg4 Rxg4 38. Kf1 Rxd2 39. Qf3 Qxf3 40.
gxf3 Rxd1+ 41. Rxd1 Rg5 42. Ke2 Kf7 43. b4 cxb4 44. axb4 Rd5 45. Kd3 Rd7 46.
Ra1 Kf6 47. Ra5 h5 48. Rc5 h4 49. Ra5 h3 50. Ra1 Ke6 51. Rh1 Rh7 52. Rh2 g5 53.
b5 0-1

[Event "FRA-chT1 0910"]
[Site "France"]
[Date "2009.11.21"]
[Round "4.6"]
[White "Gentilleau, Jean Philippe"]
[Black "Andonov, Bogomil"]
[Result "0-1"]
[WhiteElo "2190"]
[BlackElo "2276"]
[PlyCount "55"]
[EventDate "2009.09.27"]
[EventType "team-match"]
[EventRounds "11"]
[EventCountry "FRA"]
[SourceDate "2009.07.26"]

1. d4 Nf6 2. Nf3 d5 3. e3 c5 4. b3 Nc6 5. Be2 Bg4 6. O-O e6 7. Bb2 cxd4 8. Nxd4
Bxe2 9. Qxe2 Rc8 10. Nd2 Bb4 11. N2f3 Nxd4 12. Bxd4 Bc3 13. Bxc3 Rxc3 14. Qb5+
Qd7 15. Qa5 Rxc2 16. Qxa7 O-O 17. Rac1 Rfc8 18. Rxc2 Rxc2 19. Qa3 Ne8 20. Nd4
Rc8 21. Rc1 e5 22. Rxc8 Qxc8 23. Nf3 f6 24. h3 Kf7 25. Qb4 Qc1+ 26. Kh2 Qc7 27.
g3 Nd6 28. Nd2 {suite illisible} 0-1

[Event "FRA-chT1 0910"]
[Site "France"]
[Date "2009.11.21"]
[Round "4.1"]
[White "Georgiev, Vladimir"]
[Black "Hamdouchi, Adina Maria"]
[Result "1-0"]
[WhiteElo "2537"]
[BlackElo "2314"]
[PlyCount "61"]
[EventDate "2009.09.27"]
[EventType "team-match"]
[EventRounds "11"]
[EventCountry "FRA"]
[SourceDate "2009.07.26"]
[WhiteTeam "Mulhouse"]
[BlackTeam "Montpellier"]

1. d4 g6 2. e4 Bg7 3. Nf3 d6 4. Bc4 c6 5. O-O Nf6 6. e5 dxe5 7. dxe5 Nd5 8. h3
O-O 9. Qe2 b5 10. Bb3 a5 11. Rd1 e6 12. a4 bxa4 13. Rxa4 Nd7 14. Bg5 Qc7 15.
Re4 Ba6 16. Qe1 Rab8 17. Bd2 Nc5 18. Bxa5 Qe7 19. Bxd5 exd5 20. Rb4 Nb7 21. Rb6
Nxa5 22. Rxa6 Nc4 23. Rxc6 Qb7 24. Rc5 Qxb2 25. Nc3 Rfe8 26. Rdxd5 Nxe5 27.
Nxe5 f6 28. Qd2 fxe5 29. Rd7 e4 30. Rxg7+ Kxg7 31. Rc7+ 1-0

[Event "FRA-chT1 0910"]
[Site "France"]
[Date "2009.11.21"]
[Round "4.5"]
[White "Ider, Borya"]
[Black "Mirabeau, Olivier"]
[Result "1-0"]
[WhiteElo "2276"]
[BlackElo "2060"]
[PlyCount "61"]
[EventDate "2009.09.27"]
[EventType "team-match"]
[EventRounds "11"]
[EventCountry "FRA"]
[SourceDate "2009.07.26"]

1. d4 d5 2. Nf3 Nf6 3. c4 e6 4. g3 Be7 5. Bg2 O-O 6. O-O c6 7. Qc2 Nbd7 8. Nbd2
Nb6 9. b3 Rb8 10. Rd1 Bd7 11. e4 dxe4 12. Nxe4 Nxe4 13. Qxe4 Be8 14. Qe2 Qc8
15. Bg5 f6 16. Bf4 Ra8 17. Bh3 f5 18. Re1 Bd7 19. Ne5 Be8 20. Nd3 Bf6 21. Be5
g5 22. f4 g4 23. Bg2 Bg6 24. Nc5 Be7 25. Rad1 Bf7 26. Kh1 Nd7 27. Nxd7 Qxd7 28.
d5 exd5 29. Ba1 Bc5 30. Qe5 d4 31. Qxc5 1-0

[Event "FRA-chT1 0910"]
[Site "France"]
[Date "2009.11.21"]
[Round "4.1"]
[White "Istratescu, Andrei"]
[Black "Gachet, Sebastien"]
[Result "0-1"]
[WhiteElo "2624"]
[BlackElo "2320"]
[PlyCount "37"]
[EventDate "2009.09.27"]
[EventType "team-match"]
[EventRounds "11"]
[EventCountry "FRA"]
[SourceDate "2009.07.26"]
[WhiteTeam "Belfort"]

1. e4 c5 2. Nf3 d6 3. d4 cxd4 4. Nxd4 Nf6 5. Nc3 g6 6. Be3 Bg7 7. f3 O-O 8. Qd2
Nc6 9. g4 Nxd4 10. Bxd4 Be6 11. h4 Qa5 12. h5 Rfc8 13. a3 Rab8 14. hxg6 hxg6
15. Bd3 Bc4 16. O-O-O b5 17. Bxc4 Rxc4 18. Bxf6 Bxf6 19. Nd5 0-1

[Event "FRA-chT1 0910"]
[Site "France"]
[Date "2009.11.21"]
[Round "4.1"]
[White "Janev, Evgeni"]
[Black "Williams, Simon Kim"]
[Result "1-0"]
[WhiteElo "2448"]
[BlackElo "2550"]
[PlyCount "33"]
[EventDate "2009.09.27"]
[EventType "team-match"]
[EventRounds "11"]
[EventCountry "FRA"]
[SourceDate "2009.07.26"]
[WhiteTeam "Cavalier Fou Bressan "]
[BlackTeam "Rueil"]

1. e4 c5 2. Nf3 d6 3. d4 cxd4 4. Nxd4 Nf6 5. Nc3 g6 6. g3 Nc6 7. Nde2 Bd7 8.
Bg2 Bg7 9. O-O Qc8 (9... O-O $142) 10. Nd5 Nxd5 11. exd5 Ne5 12. Nd4 Bg4 13. f3
Bh3 14. Bxh3 Qxh3 15. c4 h5 16. Bg5 Rc8 (16... h4 17. g4) 17. b3 {suite
illisible} 1-0

[Event "FRA-chT1 0910"]
[Site "France"]
[Date "2009.11.21"]
[Round "4.3"]
[White "Lamoureux, Charles"]
[Black "Bratanov, Zsivko"]
[Result "0-1"]
[WhiteElo "2376"]
[BlackElo "2457"]
[PlyCount "75"]
[EventDate "2009.09.27"]
[EventType "team-match"]
[EventRounds "11"]
[EventCountry "FRA"]
[SourceDate "2009.07.26"]

1. e4 e6 2. d4 d5 3. Nc3 dxe4 4. Nxe4 Nd7 5. Nf3 Ngf6 6. Nxf6+ Nxf6 7. Bd3 c5
8. dxc5 Bxc5 9. O-O O-O 10. Bg5 b6 11. Qe2 Bb7 12. Rad1 Qc7 13. Bxf6 gxf6 14.
Be4 Rad8 15. Bxb7 Qxb7 16. Rd3 Qa6 17. Rfd1 Rxd3 18. Qxd3 Qxa2 19. Qc3 Qa4 20.
g3 Rc8 21. Kg2 f5 22. Qf6 Qc6 23. Qg5+ Kf8 24. Qh5 Be7 25. Qxh7 Bf6 26. c3 a5
27. Rd3 a4 28. Kg1 Ke7 29. h4 Bxh4 30. Qxh4+ Ke8 31. Qh8+ Ke7 32. Qh4+ Ke8 33.
Qf6 Qc5 34. Rd4 a3 35. bxa3 Qxa3 36. Rh4 Rxc3 37. Rh8+ Kd7 38. Rh7 0-1

[Event "FRA-chT1 0910"]
[Site "France"]
[Date "2009.11.21"]
[Round "4.7"]
[White "Lamoureux, Isabelle"]
[Black "Bafounta, Denis"]
[Result "1-0"]
[WhiteElo "2086"]
[BlackElo "2265"]
[PlyCount "63"]
[EventDate "2009.09.27"]
[EventType "team-match"]
[EventRounds "11"]
[EventCountry "FRA"]
[SourceDate "2009.07.26"]

1. e4 c5 2. Nf3 Nc6 3. d4 cxd4 4. Nxd4 Nf6 5. Nc3 d6 6. h3 e5 7. Nde2 Be7 8. g4
O-O 9. Bg2 Be6 10. O-O Rc8 11. Ng3 b5 12. Nd5 b4 13. Be3 Re8 14. a3 a5 15. Bb6
Qd7 16. g5 Nxd5 17. exd5 Bxh3 18. dxc6 Rxc6 19. Bxa5 Bxg2 20. Kxg2 bxa3 21.
Rxa3 Bxg5 22. Ne4 Bf4 23. Bd2 d5 24. Ng3 Rg6 25. Rh1 f5 26. Be1 Bh6 27. Kf1 f4
28. Nh5 d4 29. Qe2 e4 30. Rah3 Kh8 31. Rh4 Qf5 32. Qc4 1-0

[Event "FRA-chT1 0910"]
[Site "France"]
[Date "2009.11.21"]
[Round "4.3"]
[White "Lerch, Patrice"]
[Black "Vaklinov, Vasil"]
[Result "1-0"]
[WhiteElo "2316"]
[BlackElo "2202"]
[PlyCount "57"]
[EventDate "2009.09.27"]
[EventType "team-match"]
[EventRounds "11"]
[EventCountry "FRA"]
[SourceDate "2009.07.26"]

1. e4 c5 2. Nc3 Nc6 3. g3 g6 4. Bg2 Bg7 5. d3 d6 6. Be3 e6 7. Qd2 Nd4 8. Nd1 e5
9. c3 Nc6 10. Ne2 Nf6 11. h3 O-O 12. O-O b6 13. d4 Ba6 14. Re1 Rc8 15. f4 Bxe2
16. Rxe2 exf4 17. gxf4 Re8 18. Nf2 Nh5 19. Rd1 cxd4 20. cxd4 Qh4 21. Ree1 Qg3
22. Nh1 Qh4 23. Rf1 Rc7 24. e5 Qe7 25. Rfe1 dxe5 26. d5 Rd8 27. d6 Qe6 28. dxc7
Rxd2 29. Rxd2 1-0

[Event "FRA-chT1 0910"]
[Site "France"]
[Date "2009.11.21"]
[Round "4.8"]
[White "Louche, Herve"]
[Black "Choisy, Mathilde"]
[Result "0-1"]
[WhiteElo "1804"]
[BlackElo "2143"]
[PlyCount "60"]
[EventDate "2009.09.27"]
[EventType "team-match"]
[EventRounds "11"]
[EventCountry "FRA"]
[SourceDate "2009.07.26"]

1. e4 c5 2. Nf3 Nc6 3. d4 cxd4 4. Nxd4 Nf6 5. Nc3 d6 6. Be2 e5 7. Ndb5 a6 8.
Na3 b5 9. Nd5 Nxd5 10. exd5 Nb8 11. O-O Be7 12. c4 bxc4 13. Nxc4 O-O 14. Be3
Nd7 15. Qd2 a5 16. b3 Bb7 17. Rfd1 f5 18. f4 Kh8 19. fxe5 dxe5 20. d6 Bf6 21.
Rab1 f4 22. Bf2 Qe8 23. Qd3 e4 24. Qh3 Ne5 25. Nxe5 Qxe5 26. d7 e3 27. Bh4 Rad8
28. Bxf6 Qxf6 29. Re1 Qg5 30. Rf1 g6 {suite illisible} 0-1

[Event "FRA-chT1 0910"]
[Site "France"]
[Date "2009.11.21"]
[Round "4.5"]
[White "Ludwig, Remi"]
[Black "Vuitton, Gilles"]
[Result "1-0"]
[WhiteElo "2205"]
[BlackElo "2154"]
[PlyCount "35"]
[EventDate "2009.09.27"]
[EventType "team-match"]
[EventRounds "11"]
[EventCountry "FRA"]
[SourceDate "2009.07.26"]

1. d4 e6 2. c4 d5 3. Nc3 Bb4 4. Nf3 dxc4 5. e3 b5 6. a4 c6 7. Ne5 Nf6 8. Be2
Bb7 9. O-O a6 10. Bf3 Bxc3 11. bxc3 Nd5 12. Bxd5 exd5 13. Ba3 h5 14. Qc2 Nd7
15. Qf5 Nf6 16. Ng6 Bc8 17. Qe5+ Be6 18. Nxh8 1-0

[Event "FRA-chT1 0910"]
[Site "France"]
[Date "2009.11.21"]
[Round "4.6"]
[White "Manoeuvre, Antoine"]
[Black "Gingene, Eric"]
[Result "1-0"]
[WhiteElo "2210"]
[BlackElo "2092"]
[PlyCount "73"]
[EventDate "2009.09.27"]
[EventType "team-match"]
[EventRounds "11"]
[EventCountry "FRA"]
[SourceDate "2009.07.26"]

1. d4 d5 2. c4 Bf5 3. cxd5 Bxb1 4. Qa4+ c6 5. Rxb1 Qxd5 6. f3 Nf6 7. e4 Qd8 8.
Be3 e6 9. Bd3 Be7 10. Ne2 O-O 11. O-O Nbd7 12. Rbd1 Qc7 13. Kh1 Rfc8 14. Qc2 h6
15. Rc1 Qd8 16. Rfd1 Bd6 17. Qd2 Qf8 18. Bb1 Be7 19. Qd3 Ne8 20. e5 g6 21. h4
Qg7 22. Qd2 h5 23. b4 Bd8 24. g3 a5 25. a3 axb4 26. axb4 Nb6 27. Rg1 Qh7 28.
Bh6 Nd5 29. g4 Ng7 30. Rg2 Ra3 31. Be4 Rca8 32. gxh5 Nxh5 33. Bxd5 cxd5 34. Nc3
Be7 35. Nb5 Ra2 36. Qxa2 Rxa2 37. Rc8+ 1-0

[Event "FRA-chT1 0910"]
[Site "France"]
[Date "2009.11.21"]
[Round "4.3"]
[White "Marino, Olivier"]
[Black "Libiszewski, Fabien"]
[Result "0-1"]
[WhiteElo "2111"]
[BlackElo "2518"]
[PlyCount "54"]
[EventDate "2009.09.27"]
[EventType "team-match"]
[EventRounds "11"]
[EventCountry "FRA"]
[SourceDate "2009.07.26"]

1. e4 c5 2. Nf3 Nc6 3. Bb5 g6 4. O-O Bg7 5. c3 Nf6 6. Bxc6 dxc6 7. Qe2 Bg4 8.
d3 Nd7 9. Be3 Bxf3 10. gxf3 e5 11. f4 exf4 12. Bxf4 g5 13. Be3 Ne5 14. d4 Ng6
15. Rd1 O-O 16. Qg4 h6 17. dxc5 Qc7 18. Nd2 Ne5 19. Qf5 Rae8 20. Nb3 Ng6 21.
Nd4 Nh4 22. Qg4 Bxd4 23. Bxd4 f5 24. Qh5 Qf4 25. exf5 Qe4 26. f3 Nxf3+ 27. Kf2
Nh4 0-1

[Event "FRA-chT1 0910"]
[Site "France"]
[Date "2009.11.21"]
[Round "4.7"]
[White "Monsieux, Sebastien"]
[Black "Podvin, Francois Xavier"]
[Result "1-0"]
[WhiteElo "2106"]
[BlackElo "1934"]
[PlyCount "71"]
[EventDate "2009.09.27"]
[EventType "team-match"]
[EventRounds "11"]
[EventCountry "FRA"]
[SourceDate "2009.07.26"]

1. d4 d5 2. e3 Nc6 3. Nf3 Bg4 4. Be2 e6 5. O-O Nf6 6. Nbd2 Bd6 7. c4 dxc4 8.
Nxc4 O-O 9. b3 Nd5 10. Bb2 f5 11. h3 Bh5 12. Nfe5 Bxe2 13. Qxe2 Bxe5 14. Nxe5
Nxe5 15. dxe5 Qg5 16. f4 Qe7 17. Rac1 Qb4 18. Rc4 Qb5 19. Re1 c5 20. g3 b6 21.
e4 fxe4 22. Qxe4 g6 23. Rf1 Ne7 24. g4 Qc6 25. Qe2 a5 26. Rc3 Rf7 27. Rd3 Nd5
28. f5 gxf5 29. gxf5 Rg7+ 30. Kh2 Nb4 31. Rd6 Qb7 32. f6 Rg6 33. Rxe6 Nd3 34.
f7+ Kf8 35. Rxg6 hxg6 36. Qxd3 1-0

[Event "FRA-chT1 0910"]
[Site "France"]
[Date "2009.11.21"]
[Round "4.5"]
[White "Muller, Anne"]
[Black "Boursier, Julien"]
[Result "1-0"]
[WhiteElo "2196"]
[BlackElo "2106"]
[PlyCount "45"]
[EventDate "2009.09.27"]
[EventType "team-match"]
[EventRounds "11"]
[EventCountry "FRA"]
[SourceDate "2009.07.26"]

1. e4 e6 2. d4 d5 3. Nd2 dxe4 4. Nxe4 Nd7 5. Nf3 Ngf6 6. Nxf6+ Nxf6 7. Bd3 c5
8. dxc5 Bxc5 9. O-O O-O 10. Qe2 Qc7 11. Bg5 Be7 12. Rad1 h6 13. Bh4 Nd5 14. Bg3
Qa5 15. c4 Nb4 16. Bb1 Nc6 17. Ne5 Bf6 18. Qe4 g6 19. Nxg6 fxg6 20. Qxg6+ Bg7
21. Qh7+ Kf7 22. Bg6+ Kf6 23. Bh4+ 1-0

[Event "FRA-chT1 0910"]
[Site "France"]
[Date "2009.11.21"]
[Round "4.4"]
[White "Perez, Flavio"]
[Black "Schultz, Raphael"]
[Result "1/2-1/2"]
[WhiteElo "2260"]
[BlackElo "2209"]
[PlyCount "112"]
[EventDate "2009.09.27"]
[EventType "team-match"]
[EventRounds "11"]
[EventCountry "FRA"]
[SourceDate "2009.07.26"]

1. e4 d6 2. Nc3 Nf6 3. g3 e5 4. Bg2 Be7 5. Nge2 O-O 6. O-O c6 7. d4 Nbd7 8. h3
b5 9. d5 b4 10. dxc6 bxc3 11. cxd7 Ba6 12. bxc3 Qxd7 13. Re1 h6 14. g4 Rfc8 15.
Bd2 Bxe2 16. Qxe2 Qa4 17. Qd3 Rab8 18. Bf1 Rb6 19. Bc1 Nd7 20. c4 Rb7 21. Ba3
Nb6 22. Bxd6 Rd7 23. Bxe7 Rxd3 24. cxd3 Nd7 25. Reb1 Nc5 26. Rb5 Ne6 27. Rxe5
Rb8 28. Bh4 Qc2 29. Bg3 Qb2 30. Rd1 Qxa2 31. Rxe6 fxe6 32. Bxb8 Qb3 33. Bxa7
Qxd1 34. d4 Qa1 35. Bc5 Qb1 36. f3 Kf7 37. d5 Kf6 38. Bd4+ e5 39. Be3 Qb3 40.
Kf2 Ke7 41. c5 Kd7 42. h4 Qb2+ 43. Be2 Qb1 44. g5 Qh1 45. Bb5+ Kd8 46. Kg3 Qe1+
47. Bf2 Qb1 48. Be2 hxg5 49. hxg5 Qc1 50. Bb5 Qxg5+ 51. Kh3 Qh6+ 52. Kg2 Qg5+
53. Kh3 Qh6+ 54. Kg2 Qg5+ 55. Bg3 Qd2+ 56. Bf2 Qg5+ 1/2-1/2

[Event "FRA-chT1 0910"]
[Site "France"]
[Date "2009.11.21"]
[Round "4.2"]
[White "Renet, Olivier"]
[Black "Todorov, Ognjan"]
[Result "1-0"]
[WhiteElo "2515"]
[BlackElo "2306"]
[PlyCount "45"]
[EventDate "2009.09.27"]
[EventType "team-match"]
[EventRounds "11"]
[EventCountry "FRA"]
[SourceDate "2009.07.26"]
[WhiteTeam "Rueil"]

1. d4 Nf6 2. c4 e6 3. Nc3 d5 4. cxd5 Nxd5 5. e4 Nxc3 6. bxc3 c5 7. Nf3 cxd4 8.
cxd4 Bb4+ 9. Bd2 Bxd2+ 10. Qxd2 O-O 11. Bc4 Nc6 12. O-O b6 13. Rad1 Bb7 14.
Rfe1 Rc8 15. d5 Na5 16. Bd3 exd5 17. e5 h6 18. Qf4 Rc7 19. h4 Bc8 20. Nd4 Nc4
21. Bf5 Qe7 22. Bxc8 Rfxc8 23. Qg4 {suite illisible} 1-0